Muslim Minorities and the Law Ineurope (Record no. 2314)

MARC details
000 -LEADER
fixed length control field 00597nam a2200241 a 4500
020 ## - INTERNATIONAL STANDARD BOOK NUMBER
ISBN 8188869236
082 00 - DEWEY DECIMAL CLASSIFICATION NUMBER
Classification number 305.80094
Author Cutter ROH
100 ## - MAIN ENTRY--AUTHOR NAME
Author name Rohe, Mathias
245 ## - TITLE STATEMENT
Title Muslim Minorities and the Law Ineurope
260 ## - PUBLICATION, DISTRIBUTION, ETC. (IMPRINT)
Place of publication Delhi
Name of publisher Global Media Pub
Year of publication 2006
300 ## - PHYSICAL DESCRIPTION
Number of Pages 173p
500 ## - GENERAL NOTE
General note includes index and biblioraphy
505 2# - FORMATTED CONTENTS NOTE
Formatted contents note Index
650 ## - SUBJECT ADDED ENTRY--TOPICAL TERM
Topical Term Minorities-Europe
942 ## - ADDED ENTRY ELEMENTS (KOHA)
Koha item type Books
700 1# -
-- Rohe, Mathias
Holdings
Collection code Home library Current library Date acquired Cost, normal purchase price Full call number Accession Number Koha item type
  Henry Martyn Institute Library Henry Martyn Institute Library 10/08/2007 100.00 305.80094 ROH 01975 Books
                   Copyright © 2026 | Henry Martyn Institute | Hyderabad | TS-500052 | INDIA | Implemented by hmi.edu.in
Hit-Count:

Powered by Koha